000 00522nam a22001577a 4500
003 OSt
005 20150911103042.0
008 150911b xxu||||| |||| 00| 0 eng d
040 _cRUA
082 _aAGR អ៊ុំ 1995 B014 Or.1
100 _9283
_aអ៊ុំ ច្រូយ
245 _aការបន្ដពូជនៃដំណាំធូរេន និងការបំបៅមែកនៅខេត្តកំពត
260 _aPhnom Penh
_bRUA
_c1995
300 _a55p.
_bill.
_c29cm.
942 _2ddc
_cAGR
999 _c263
_d263